00327nam a22001457a 4500003000500000005001700005008000500022020002300027040001400050041000600064082001900070245005200089300002100141490001900162322820250724124511.0eng  a6002242058348qpbk aRDAc3228 2E aJ 676.234 BUTT aJunior: thicker outlines for beginnershEnglish a24 pages:c27cm. acolouring book